000 01083cam a2200277 i 4500
003 SA-RiAUC
005 20251019140910.0
008 251014s1987 su g 000 0bara c
040 _aJO-MaAABU
_bara
_cSA-RiAUC
_erda
050 4 _bI26 1987
082 0 4 _a229.5
090 _a229.5
_bا ب ن ح
100 1 _aابن حجر العسقلاني، أحمد بن علي بن محمد،
_d773-852 هجري
_eمؤلف.
245 1 2 _aالزهر النضر في نبأ الخضر /
_cابن حجر العسقلاني ؛ تحقيق مجدي السيد إبراهيم.
264 1 _aالرياض :
_bمكتبة الساعي،
_c1987
300 _a94 صفحة ؛
_c24 سم
336 _aنص
_btxt
_2rdacontent
_3كتاب
337 _aبدون وسيط
_bn
_2rdamedia
338 _aمجلد
_bnc
_2rdacarrier
600 0 7 _aالخضر (عليه السلام)
_2aucnm
650 7 _aقصص الأنبياء
_2aucsh
700 1 _aإبراهيم، مجدي السيد
_eمحقق.
730 2 2 _aالقرآن
942 _2ddc
_cBOOK
_n0
949 _aSA-JeALM
_d251014
_umohamedma123
_n1
999 _c12603
_d12603